00213nam a2200085Ia 4500008004100000100001800041245003600059260002300095260000900118170620s9999 xx 000 0 und d aKapoor - S.K. 0aInternational Law & human Right bCentral Law Agency c2000